000 01009nam a22001937a 4500
003 BD-DhUL
005 20180318141256.0
008 180318s1918 ii ||||| |||| 00| 0 ben d
040 _aBD-DhUL
_cBD-DhUL
082 _a891.4433
_bBAB
100 1 _aচট্টোপাধ্যায়, বঙ্কিমচন্দ্র
245 1 0 _aবারি-বাহিনী :
_bউপন্যাস /
_cস্বর্গীয় বঙ্কিমচন্দ্র চট্টোপাধ্যায় ও শ্রীশচীশচন্দ্র চট্টোপাধ্যায় প্রণীত
260 _aকলিকাতা :
_bহরিদাস চট্টোপাধ্যায়,
_c১৯১৮।
300 _a২০৯ পৃ. ;
_c১৮ সেমি.
650 4 _aবাংলা উপন্যাস
650 4 _aBengali fiction
700 1 _aচট্টোপাধ্যায়, শচীশচন্দ্র
_eযুগ্ম লেখক
942 _2ddc
_cBK
999 _c239367
_d239367